|
|
|
|
| LEADER |
01091nam a2200193 a 4500 |
| 001 |
GR-MES14492 |
| 008 |
080528s1995 gr 000 0 gre d |
| 040 |
|
|
|a GrPaTEI
|b gre
|c GR-PaULI
|
| 040 |
|
|
|a GrPaTEI
|b gre
|c GR-PaULI
|
| 082 |
|
0 |
|a 230
|2 21
|
| 245 |
0 |
0 |
|a Ορθόδοξος φιλόθεος μαρτυρία :
|b Ένα θησαύρισμα από πνευματικές διδαχές αγίων και σοφών ανδρών, που αναφέρονται στην ορθόδοξη πνευματικότητα ; Επιμέλεια: Στυλ. Ν. Κεμεντζετζίδης.
|
| 260 |
|
|
|a Θεσσαλονίκη :
|b Ορθόδοξος κυψέλη,
|c 1995
|
| 300 |
|
|
|a 352 σ. ;
|c 24 εκ.
|
| 650 |
|
4 |
|a ΘΕΟΛΟΓΙΑ
|
| 700 |
1 |
|
|a Κεμεντζετζίδης, Στυλιανός Ν.
|
| 942 |
|
|
|2 ddc
|
| 952 |
|
|
|0 0
|1 0
|2 ddc
|4 0
|6 230_000000000000000_ΟΡΘ
|7 0
|9 272507
|a MSLG
|b MSLG
|c BSC
|d 2021-01-17
|e 24
|f 0
|g 0.00
|l 0
|o 230 ΟΡΘ
|p 2420000023045
|r 2021-01-17 00:00:00
|t 1
|w 2021-01-17
|y BK15
|x 20080528 0 ΤΣΑΝΤΑΡΛΙΩΤΗ 1
|x GrPaTEI
|
| 971 |
|
|
|a .b25805411
|b 16-04-20
|c 13-09-16
|
| 999 |
|
|
|c 157615
|d 157615
|